| 000 | 00363 a2200145 4500 | ||
|---|---|---|---|
| 999 |
_c6675 _d6675 |
||
| 020 | _a1868531120 | ||
| 050 | _aPL8745 SEN 1995 | ||
| 100 | _aSengani, T.M. | ||
| 245 |
_aMuphurofesa mphoyanga / _cT.M. Sengani |
||
| 264 |
_aJohannesburg: _bHeinemann; _c1995 |
||
| 300 | _a167p. ; | ||
| 500 | _aVenda | ||
| 650 | _aVenda Literature | ||
| 942 |
_2lcc _cBK _h8745 _iSEN _kPL |
||